书目信息 |
| 题名: |
全国二级建造师执业资格考试重点难点精析. 建筑工程施工管理
|
|
| 作者: | 陶燕瑜 主编 | |
| 分册: | 建设工程施工管理 | |
| 出版信息: | 北京 清华大学出版社 2012.05 |
|
| 页数: | 280页 | |
| 开本: | 26cm | |
| 丛书名: | ||
| 单 册: | ||
| 中图分类: | TU-42 | |
| 科图分类: | ||
| 主题词: | 建筑师--jian zhu shi--资格考试--自学参考资料 , 建筑工程--jian zhu gong cheng--施工管理--资格考试--自学参考资料 | |
| 电子资源: | ||
| ISBN: | 978-7-302-28580-9 | |
| 000 | 01188nam 2200277 450 | |
| 001 | CA2016000052 | |
| 005 | 20201118162905.86 | |
| 010 | @a978-7-302-28580-9@dCNY35.00 | |
| 100 | @a20120709d2012 em y0chiy50 ea | |
| 101 | 0 | @achi |
| 102 | @aCN@b110000 | |
| 105 | @aak q 000yy | |
| 106 | @ar | |
| 200 | 1 | @a全国二级建造师执业资格考试重点难点精析. 建筑工程施工管理@Aquan guo er ji jian zao shi zhi ye zi ge kao shi zhong dian nan dian jing xi.jian zhu gong cheng shi gong guan li@i建设工程施工管理@f陶燕瑜主编@Ftao yan yu zhu bian |
| 210 | @a北京@c清华大学出版社@d2012.05 | |
| 215 | @a280页@c图@d26cm | |
| 330 | @a本书内容分为四个部分: 第一部分是2009-2011考试题量分布及分值统计 ; 第二部分是教材内容的精讲和同步练习 ; 第三部分是预测模拟题 ; 第四部分是近三年真题。 | |
| 517 | 1 | @a建设工程施工管理@Ajian she gong cheng shi gong guan li |
| 540 | @a全国二级建造师执业资格考试重点难点精析 | |
| 606 | 0 | @a建筑师@Ajian zhu shi@x资格考试@j自学参考资料 |
| 606 | 0 | @a建筑工程@Ajian zhu gong cheng@x施工管理@x资格考试@j自学参考资料 |
| 690 | @aTU-42@v5 | |
| 701 | 0 | @a陶燕瑜@Atao yan yu@4主编 |
| 801 | @aCN | |
| 901 | @a24 | |
| 905 | @a河南城建学院图书馆@b1293597-9@dTU-42@eT358@f3 | |
| 全国二级建造师执业资格考试重点难点精析. 建筑工程施工管理.建设工程施工管理/陶燕瑜主编.-北京:清华大学出版社,2012.05 |
| 280页:图;26cm |
| ISBN 978-7-302-28580-9:CNY35.00 |
| 本书内容分为四个部分: 第一部分是2009-2011考试题量分布及分值统计 ; 第二部分是教材内容的精讲和同步练习 ; 第三部分是预测模拟题 ; 第四部分是近三年真题。 |
| ● |
| 相关链接 |
|
|
|
正题名:全国二级建造师执业资格考试重点难点精析.
索取号:TU-42/T358
 
预约/预借
| 序号 | 登录号 | 条形码 | 馆藏地/架位号 | 状态 | 备注 |
| 1 | 1293597 | 212935978 | 建筑库101/101建筑库 10排4列1层/ [索取号:TU-42/T358] | 在馆 | |
| 2 | 1293598 | 212935985 | 建筑库101/101建筑库 10排4列1层/ [索取号:TU-42/T358] | 在馆 | |
| 3 | 1293599 | 212935992 | 建筑库101/101建筑库 10排4列1层/ [索取号:TU-42/T358] | 在馆 |